000 00653nam a2200277Ia 4500
005 20260324111440.0
008 008 260324s9999 xx 000 0 eng d
020 _a9781032686448
037 _aEBOOK
040 _aCRL
040 _beng
040 _cCRL
041 _2eng
041 _aeng
084 _qCRL
100 _aRebecca J. Jones; Holly Andrews
_91138603
245 0 _aKey Topics in Coaching Psychology
260 _bTaylor and Francis
260 _c2025
365 _a
365 _b230
856 _uhttp://www.taylorfrancis.com/books/9781032686448
942 _cEBOOK
999 _c1727430
_d1727430